000
00306nam a2200121Ia 4500
008
140130s9999 xx 000 0 und d
245
_c
Fritz, Jean
_a
Can't you make them behave, King George?
260
_b
Scholastic,
_c
1977
440
_v
1
521
_a
Grade 4 - Grade 7
942
_c
BK
999
_c
41149
_d
41149